01043 a2200193 45000010006000000050017000060080041000230030015000640400040000790800035001192450095001540200018002492640038002673000022003055050397003270410008007241000018007328560099007504492420260407155724.0260407a1995 arg spa dAR-UNSa-BCEJYS aAR-UNSa-BCEJYSbspacAR-UNSa-BCEJYS a330.34xDesarrollo Económico10aInforme sobre el desarrollo mundial 1995pEl mundo del trabajo en una economía integrada a0-8213-2893-X 1aWashington :bBanco Mundialc1995 ax, 275 p.c27 cm. a1. ¿Qué estrategias de desarrollo son beneficiosas para los trabajadores? – 2. La integración internacional: ¿oportunidad o amenaza para los trabajadores? – 3. ¿Cómo deberían los gobiernos intervenir en los mercados de trabajo? – 4. ¿Qué políticas pueden ayudar a los trabajadores en época de grandes cambios? – 5. Perspectivas para los trabajadores en el siglo XXI. aspa1 aBanco Mundial41uhttps://www.biblioeco.unsa.edu.ar/pmb/images/libros/L127047.jpgyImagen de portadaqimage/jpeg